000 00505nam a2200181Ia 4500
003 OSt
005 20250924185804.0
008 210423s1990 xx 000 0 und d
040 _cAL
041 _aEnglish
082 _a303.6
_bBETC
100 _aAndre Beteille
_9104812
245 _aCaste class and power
260 _aNew Delhi
_bOxford University Press
_c1990
365 _b395
_cINR
906 _aCaste ; class ; patterns ; power:changing ; stratification ; tajore ; village.
942 _2ddc
_cBK
999 _c172150
_d172150